| 000 | 00415cam a2200169ua 4500 | ||
|---|---|---|---|
| 020 | _c8.00 | ||
| 041 |
_amal _h |
||
| 082 |
_a894.812308 _bELA/GI |
||
| 100 | _aElachandrajoshi, . | ||
| 245 |
_aGirija kumari / _cElachandraJoshi. _hTextual Documents |
||
| 260 |
_aThuravoor : _bSree Narasimha Vilasam Book Depot. |
||
| 300 | _a256 ; . | ||
| 365 | _a8.00 | ||
| 504 | _a | ||
| 942 | _cBK | ||
| 999 |
_c895 _d895 |
||